Richesse et valeur : un couple qui ne fait pas bon ménage (notice n° 1640215)

détails MARC
000 -LEADER
fixed length control field 02052cam a2200169 4500500
005 - DATE AND TIME OF LATEST TRANSACTION
control field 20260201081305.0
041 ## - LANGUAGE CODE
Language code of text/sound track or separate title fre
042 ## - AUTHENTICATION CODE
Authentication code dc
100 10 - MAIN ENTRY--PERSONAL NAME
Personal name Harribey, Jean-Marie
Relator term author
245 00 - TITLE STATEMENT
Title Richesse et valeur : un couple qui ne fait pas bon ménage
260 ## - PUBLICATION, DISTRIBUTION, ETC.
Date of publication, distribution, etc. 2005.<br/>
500 ## - GENERAL NOTE
General note 84
520 ## - SUMMARY, ETC.
Summary, etc. Résumé La critique de la marchandisation va de pair avec une remise en cause de ce que le capitalisme considère comme étant de la richesse légitime. L’article propose un examen des tentatives de redéfinition de la richesse qui, pour la plupart, confondent les concepts de richesse et de valeur et ceux de valeur d’usage et de valeur d’échange. Pour dépasser ces tentatives, l’article propose ensuite de renouer avec la critique de l’économie politique, d’une part pour réhabiliter la production non marchande, d’autre part pour intégrer la dimension écologiste dans une conception renouvelée de la valeur et de la richesse. Ainsi, la théorie de la valeur fondée sur le travail est une théorie des rapports sociaux dans lesquels la production est organisée, et la « valeur » de la nature ressortit à un autre registre que l’économique.
520 ## - SUMMARY, ETC.
Summary, etc. Abstract Wealth and Value : An Incompatible CoupleThe critique of commodity fetichism is part of the critique of what capitalism considers legitimate wealth. Certain attempts to redefine wealth confuse wealth and value as well as use value and exchange value. To go beyond these attempts, it is necessary, on the one hand, to reestablish non commercial production and, on the other hand, to integrate the ecological dimension into a renewed conception of value and wealth. In this way, a value theory based on work is a theory of social relations in which production is organized, and the « value » of nature is seen as more than economic.
786 0# - DATA SOURCE ENTRY
Note L'Homme & la Société | 156-157 | 2 | 2005-06-01 | p. 27-46 | 0018-4306
856 41 - ELECTRONIC LOCATION AND ACCESS
Uniform Resource Identifier <a href="https://shs.cairn.info/revue-l-homme-et-la-societe-2005-2-page-27?lang=fr&redirect-ssocas=7080">https://shs.cairn.info/revue-l-homme-et-la-societe-2005-2-page-27?lang=fr&redirect-ssocas=7080</a>

Pas d'exemplaire disponible.

PLUDOC

PLUDOC est la plateforme unique et centralisée de gestion des bibliothèques physiques et numériques de Guinée administré par le CEDUST. Elle est la plus grande base de données de ressources documentaires pour les Étudiants, Enseignants chercheurs et Chercheurs de Guinée.

Adresse

627 919 101/664 919 101

25 boulevard du commerce
Kaloum, Conakry, Guinée

Réseaux sociaux

Powered by Netsen Group @ 2025